A-Z Family medical encyclopedia, (رقم التسجيلة. 31569)

تفاصيل مارك
000 -الفاتح
حقل البيانات ثابتة الطول 00774nam a2200253 4500
001 - رقم الضبط
رقم الضبط 2165836
003 - محدد رقم الضبط
رقم الضبط OSt
005 - وقت وتاريخ اخر تعامل مع التسجيلة
رقم الضبط 20150408114146.0
008 - عناصر البيانات ثابتة الطول - معلومات عامة
حقل البيانات ثابتة الطول 710119s1959 maua d 000 0 eng
010 ## - رقم ضبط مكتبة الكونجرس
رقم ضبط مكتبة الكونجرس 59005931
020 ## - الرقم الدولى المعيارى للكتب
الرقم الدولى المعيارى للكتاب 9781405329873
040 ## - مصدر الفهرسة
وكالة الفهرسة الأصلية DLC
وكالة النسخ DLC
وكالة التعديل DLC
050 00 - رقم طلب مكتبة الكونجرس
رقم التصنيف RC81
رقم المادة .F24
082 00 - رقم تصنيف ديوى العشرى
رقم التصنيف 610.3
رقم الطبعة 22
رقم المادة FAM
245 04 - بيان العنوان
العنوان A-Z Family medical encyclopedia,
بيان المسئوليه,etc by Justus J. Schifferes. Illustrated by Louise Bush.
250 ## - بيان الطبعة
بيان الطبعة [1st ed.]
260 ## - PUBLICATION, DISTRIBUTION, ETC. (IMPRINT)
مكان الناشر او الموزع Boston,
اسم الناشر او الموزع Little, Brown
تاريخ النشر أو التوزيع [1959]
300 ## - الوصف المادى
التعداد xviii, 617 p.
تفاصيل ماديه اخرى للوعاء illus.
أبعاد الوعاء 20 cm.
500 ## - تبصرة عامة
تبصرة عامة "A Health Education Council book."
650 #0 - المدخل الاضافى بالموضوع-مصطلح موضوعى
مصطلح موضوعي أو اسم جغرافي كعنصر مدخل Medicine, Popular.
700 1# - المدخل الاضافى - اسم شخصى
الإسم الشخصى Schifferes, Justus Julius,
التواريخ المصاحبة للاسم 1907-
الدور ed.
9 (RLIN) 38575
906 ## - عنصر بيانات محلى F, LDF (RLIN)
a 7
b cbc
c orignew
d u
e ocip
f 19
g y-gencatlg
942 ## - عناصر المدخل الإضافي( كوها)
مصدر التصنيف او مخطط الترفيف Dewey Decimal Classification
Koha [default] item type كتاب
المقتنيات
حالة الفقد نموذج السعر الفعال حالة تلف ليس للاعارة رقم الطلب تاريخ الاكتساب الموقع الحالي الباركود الفرع الرئيسي Date last seen نوع المادة فى نظام كوها مصدر التصنيف او خطة الترفيف Total Checkouts
  2013-10-29     610.3 FAM 2013-10-29 المكتبة المركزية بالمجمعة (CL) 00402605 المكتبة المركزية بالمجمعة (CL) 2013-10-29 كتاب Dewey Decimal Classification  
  2013-10-29     610.3 FAM 2013-10-29 المكتبة المركزية بالمجمعة (CL) 00402606 المكتبة المركزية بالمجمعة (CL) 2013-10-29 كتاب Dewey Decimal Classification  
  2013-10-29     610.3 FAM 2013-10-29 المكتبة المركزية بالمجمعة (CL) 00402607 المكتبة المركزية بالمجمعة (CL) 2013-10-29 كتاب Dewey Decimal Classification  
  2013-10-29     610.3 FAM 2013-10-29 مكتبة كلية العلوم الطبية التطبيقية بالمجمعة - طالبات (AMF) 00402608 مكتبة كلية العلوم الطبية التطبيقية بالمجمعة - طالبات (AMF) 2013-10-29 كتاب Dewey Decimal Classification  
  2013-10-29     610.3 FAM 2013-10-29 مكتبة كلية العلوم الطبية التطبيقية بالمجمعة - طالبات (AMF) 00402609 مكتبة كلية العلوم الطبية التطبيقية بالمجمعة - طالبات (AMF) 2013-10-29 كتاب Dewey Decimal Classification